Statistics for 21 Most Remote Capitals missing from Dotted World Map

Click here to take the quiz!

General Stats

  • This quiz has been taken 182 times
  • The average score is 135 of 196

Answers on the Map

Answers color-coded by a green-red scale on the quiz's map according to % correct below.
Loading ...
 

Answer Stats

CountryD (km)Capital% Correct
Australia2,324 kmCanberra
88%
New Zealand2,324 kmWellington
83%
Iceland1,493 kmReykjavik
78%
United Arab EmiratesAbu Dhabi
71%
NigeriaAbuja
71%
GhanaAccra
71%
EthiopiaAddis Ababa
71%
AlgeriaAlgiers
71%
JordanAmman
71%
NetherlandsAmsterdam
71%
AndorraAndorra la Vella
71%
TurkeyAnkara
71%
MadagascarAntananarivo
71%
SamoaApia
71%
TurkmenistanAshgabat
71%
EritreaAsmara
71%
KazakhstanAstana
71%
ParaguayAsunción
71%
GreeceAthens
71%
IraqBaghdad
71%
AzerbaijanBaku
71%
MaliBamako
71%
ThailandBangkok
71%
Central African RepublicBangui
71%
GambiaBanjul
71%
St. Kitts & NevisBasseterre
71%
ChinaBeijing
71%
LebanonBeirut
71%
SerbiaBelgrade
71%
BelizeBelmopan
71%
GermanyBerlin
71%
SwitzerlandBern
71%
KyrgyzstanBishkek
71%
Guinea BissauBissau
71%
ColombiaBogotá
71%
SlovakiaBratislava
71%
Congo (Rep. of)Brazzaville
71%
BarbadosBridgetown
71%
BelgiumBrussels
71%
RomaniaBucharest
71%
HungaryBudapest
71%
ArgentinaBuenos Aires
71%
BurundiBujumbura
71%
EgyptCairo
71%
VenezuelaCaracas
71%
St. LuciaCastries
71%
MoldovaChișinău
71%
GuineaConakry
71%
DenmarkCopenhagen
71%
SenegalDakar
71%
SyriaDamascus
71%
BangladeshDhaka
71%
DjiboutiDjibouti
71%
TanzaniaDodoma
71%
QatarDoha
71%
IrelandDublin
71%
TajikistanDushanbe
71%
Sierra LeoneFreetown
71%
BotswanaGaborone
71%
GuyanaGeorgetown
71%
GuatemalaGuatemala City
71%
VietnamHanoi
71%
ZimbabweHarare
71%
CubaHavana
71%
FinlandHelsinki
71%
PakistanIslamabad
71%
IndonesiaJakarta
71%
IsraelJerusalem
71%
South SudanJuba
71%
AfghanistanKabul
71%
UgandaKampala
71%
NepalKathmandu
71%
SudanKhartoum
71%
UkraineKiev
71%
RwandaKigali
71%
JamaicaKingston
71%
St. Vincent & the GrenadinesKingstown
71%
Congo (Dem. Rep.)Kinshasa
71%
MalaysiaKuala Lumpur
71%
KuwaitKuwait City
71%
GabonLibreville
71%
MalawiLilongwe
71%
PortugalLisbon
71%
SloveniaLjubljana
71%
TogoLomé
71%
United KingdomLondon
71%
AngolaLuanda
71%
ZambiaLusaka
71%
LuxembourgLuxembourg
71%
SpainMadrid
71%
Marshall IslandsMajuro
71%
Equatorial GuineaMalabo
71%
MaldivesMalé
71%
NicaraguaManagua
71%
BahrainManama
71%
MozambiqueMaputo
71%
LesothoMaseru
71%
SwazilandMbabane
71%
BelarusMinsk
71%
SomaliaMogadishu
71%
MonacoMonaco
71%
LiberiaMonrovia
71%
UruguayMontevideo
71%
ComorosMoroni
71%
RussiaMoscow
71%
OmanMuscat
71%
KeynaNairobi
71%
BahamasNassau
71%
BurmaNaypyidaw
71%
ChadN'Djamena
71%
IndiaNew Delhi
71%
NigerNiamey
71%
CyprusNicosia
71%
MauritaniaNouakchott
71%
TongaNukuʻalofa
71%
NorwayOslo
71%
CanadaOttawa
71%
Burkina FasoOuagadougou
71%
PanamaPanama City
71%
SurinameParamaribo
71%
FranceParis
71%
CambodiaPhnom Penh
71%
MontenegroPodgorica
71%
HaitiPort-au-Prince
71%
MauritiusPort Louis
71%
Trinidad & TobagoPort-of-Spain
71%
BeninPorto-Novo
71%
Czech RepublicPrague
71%
Cape VerdePraia
71%
South AfricaPretoria
71%
KosovoPristina
71%
North KoreaPyongyang
71%
EcuadorQuito
71%
MoroccoRabat
71%
LatviaRiga
71%
Saudi ArabiaRiyadh
71%
ItalyRome
71%
DominicaRoseau
71%
GrenadaSaint George's
71%
Antigua & BarbudaSaint John's
71%
YemenSana'a
71%
Costa RicaSan José
71%
San MarinoSan Marino
71%
El SalvadorSan Salvador
71%
Dominican RepublicSanto Domingo
71%
São Tomé and PrincipeSão Tomé
71%
Bosnia & HerzegovinaSarajevo
71%
South KoreaSeoul
71%
SingaporeSingapore
71%
MacedoniaSkopje
71%
BulgariaSofia
71%
Sri LankaSri Jayawardenapura Kotte
71%
SwedenStockholm
71%
FijiSuva
71%
EstoniaTallinn
71%
KiribatiTarawa
71%
UzbekistanTashkent
71%
GeorgiaTbilisi
71%
HondurasTegucigalpa
71%
IranTehran
71%
BhutanThimphu
71%
AlbaniaTirana
71%
Japan1,152 kmTokyo
71%
LibyaTripoli
71%
TunisiaTunis
71%
LiechtensteinVaduz
71%
MaltaValletta
71%
Vatican CityVatican City
71%
AustriaVienna
71%
LaosVientiane
71%
LithuaniaVilnius
71%
PolandWarsaw
71%
United StatesWashington, D.C.
71%
NamibiaWindhoek
71%
Cote d'IvoireYamoussoukro
71%
CameroonYaoundé
71%
NauruYaren
71%
ArmeniaYerevan
71%
CroatiaZagreb
71%
Brazil1,463 kmBrasília
69%
Chile1,138 kmSantiago
69%
Peru1,076 kmLima
60%
Philippines1,163 kmManila
60%
Mongolia1,167 kmUlaanbaatar
59%
Papua New Guinea1,396 kmPort Moresby
57%
East Timor1,903 kmDili
55%
Bolivia1,076 kmLa Paz
54%
Solomon Islands1,253 kmHoniara
49%
Palau1,684 kmNgerulmud
48%
Vanuatu1,073 kmPort Vila
46%
Taiwan1,163 kmTaipei
46%
Seychelles1,343 kmVictoria
45%
Micronesia (Fed.States)1,277 kmPalikir
44%
Tuvalu1,073 kmFunafuti
41%
Mexico1,059 kmMexico City
35%
Brunei1,263 kmBandar Seri Begawan
29%

Score Distribution

Percentile by Number Answered

Percent of People with Each Score

Your Score History

You have not taken this quiz